Every planet seen in the Star Wars movies - Statistics

General Stats
  • This quiz has been taken 3,159 times
    2,954 since last reset
  • The average score is 18 of 47
Answer Stats
Hint Answer % Correct
1-2-3-4-6-9 Tatooine
99%
5 Hoth
94%
1-2-3-6 Naboo
92%
6-9 Forest Moon of Endor
90%
1-2-3-6 Coruscant
89%
RO-4 Yavin 4
82%
5-6 Dagobah
80%
3-RO-9 Mustafar
80%
2 Geonosis
79%
5-6-9 Bespin
77%
2 Kamino
76%
3 Alderaan
75%
7-9 Jakku
66%
3 Kashyyyk
60%
3 Utapau
57%
9 Exegol
46%
3 Felucia
46%
RO Scarif
44%
7 Ilum
43%
S Corellia
38%
8 Crait
38%
S Kessel
37%
RO Jedha
36%
7 Takodana
32%
7-8-9 Ahch-To
28%
3 Mygeeto
28%
3 Cato Neimoidia
25%
7-8 D'Qar
21%
3 Polis Massa
20%
8 Cantonica
16%
RO Eadu
16%
7 Hosnian Prime
15%
3 Saleucami
15%
9 Kijimi
13%
9 Ajan Kloss
12%
9 Pasaana
12%
RO Wobani
10%
9 Kef Bir
9%
S Mimban
8%
RO Lah'mu
6%
RO Ring of Kafrene
6%
S Savareen
5%
S Vandor
5%
S Numidian Prime
2%
9 Sinta Glacier
2%
9 Cardovyte
1%
9 Niful
0%
No matching quizzes found
Score Distribution
Percent of People with Each Score
Percentile by Number Answered
Your Score History
You have not taken this quiz since the last reset